| 000 | 02559cam a22003375a 4500 | ||
|---|---|---|---|
| 001 | 18224160 | ||
| 005 | 20161020113414.0 | ||
| 008 | 140710s2015 moua frb 001 0 eng d | ||
| 010 | _a 2014027439 | ||
| 020 | _a9780323262781 (pbk. : alk. paper) | ||
| 020 | _a0323262783 (pbk. : alk. paper) | ||
| 035 | _a(DNLM)101636539 | ||
| 040 |
_aDNLM/DLC _beng _cDLC _dEG-ScBUE |
||
| 042 | _apcc | ||
| 082 | 0 | 4 |
_222 _a617.60076 _bDEN |
| 245 | 0 | 0 |
_aDental secrets / _ceditor in chief, Stephen T. Sonis. |
| 250 | _a4th ed. | ||
| 260 |
_aSant Louis, Missouri : _bElsevier, _cc.2015. |
||
| 300 |
_avii, 355 p. : _bill. (some color) ; _c22 cm. |
||
| 490 | 0 | _aSecrets | |
| 500 | _aIndex : p. 329-355. | ||
| 504 | _aIncludes bibliographical references. | ||
| 505 | 0 | _aPatient management : the dentist-patient relationship / Elliot V. Feldbau and Kathy Kommit -- Treatment planning and oral diagnosis / Stephen T. Sonis and Nathaniel Treister -- Management of medically compromised patients / Joseph W. Costa, Jr -- Oral pathology / Sook-Bin Woo -- Oral radiology / Bernard Friedland -- Periodontology / David Kim and Paul A. Levi, Jr -- Endodontics / Steven Levine -- Restorative dentistry / Elliot V. Feldbau, Jennifer L. Frustino and Stephen A. Migliorini -- Prosthodontics / Jennifer L. Frustino and Ralph B. Sozio -- Pediatric dentistry and orthodontics / Andrew L. Sonis and Isabelle Chase -- Oral and maxillofacial surgery / Bonnie L. Padwa and Stephen T. Sonis -- Infection and hazard control / Helene Bednarsh, Kathy Eklund and Eve Cuny -- Dental public health / Edward S. Peters and Lin Li -- Legal issues and ethics / Elliot V. Feldbau and Bernard Friedland. | |
| 520 | _aOffering practical tips and expert answers to topics in dentistry and oral medicine, Dental Secrets, 4th Edition provides an ideal preparation tool for exams, clinical rotations, and board certification. A concise, illustrated Q & A format covers key areas such as oral pathology and radiology, periodontology, endodontics, restorative dentistry, prosthodontics, orthodontics, infection control, and oral and maxillofacial surgery. Written by Stephen Sonis and a team of expert contributors, this mini-reference makes it easier to prepare for real-world clinical scenarios and review for the NBDE and other certification exams. | ||
| 650 | 7 |
_aDentistry _vExaminations, questions, etc. _2BUEsh _940774 |
|
| 651 | _2BUEsh | ||
| 653 |
_bDDent _cAugust 2016 |
||
| 650 | 7 |
_935939 _aDental Care |
|
| 700 | 1 |
_aSonis, Stephen T. _eeditor. _940775 |
|
| 942 |
_2ddc _e22 _k617.60076 DEN |
||
| 999 |
_c22183 _d22155 |
||